000
00204nam a2200109Ia 4500
100
_a
HARPER DICTIONARY
942
_c
BK
245
_a
MODERN THOUGHT.
260
_b
#N/A
546
_a
ENGLISH
999
_c
25143
_d
25143